00470 2200193 4500001002100000005001500021008004100036020002300077035001900100041000700119082000800126090001400134100002000148245003100168260001700199300002500216500001000241650002500251INLIS00000000000369320241224112754241224||||||||| | ||| |||| || |  a978-602-8394-03-01 0010-1224003693 aid0 a925 a925 KUR a0 aIrwan Kurniawan00aArchimedes Dan Berat Jenis bNuansac2010 a44 hlm.:ilus,l20 cm. aCet.1 0aSejarah Dan Biografi